000 00242nam a22001097a 4500
008 160505b xxu||||| |||| 00| 0 eng d
020 _a0781772451
041 _aeng
080 _a611
245 _aNeuroanatomy:
_cJames D. Fix;
942 _2udc
_cBK
999 _c1805
_d1805